Normal view
MARC view
Entry Personal Name
001 - CONTROL NUMBER
- control field: 77573
003 - CONTROL NUMBER IDENTIFIER
- control field: dpl
005 - DATE AND TIME OF LATEST TRANSACTION
- control field: 20250214104052.0
008 - FIXED-LENGTH DATA ELEMENTS
- fixed length control field: 250214|| aca||aabn | a|a d
040 ## - CATALOGING SOURCE
- Original cataloging agency: dpl
- Transcribing agency: dpl
100 ## - HEADING--PERSONAL NAME
- Personal name: देवी, गणेश
670 ## - SOURCE DATA FOUND
- Source citation: Work cat.: (dpl)202201: देवी, गणेश, भारतीय भाषा लोक सर्वेक्षण : मेघालय की भाषाऍ खंड 19 भाग 1 , 2024
